|
|
|
|
| LEADER |
00000nam a2200000 4500 |
| 001 |
91784 |
| 003 |
MY-KLNDU |
| 005 |
20241220003338.0 |
| 008 |
221104 00 eng |
| 039 |
|
9 |
|a 202211041311
|b VLOAD
|c 202210211139
|d syarifuddin
|y 202210211135
|z syarifuddin
|
| 040 |
|
|
|a UPNM
|b eng
|c UPNM
|e rda
|
| 100 |
|
|
|a Muhammad Farhan Nordin
|e author
|
| 245 |
|
|
|a Validation Of The Malay Version Of The Mannheim Dream Questionnaire Among The Malaysian Population
|c Dr Muhammad Farhan Bin Nordin
|
| 264 |
|
|
|a Pulau Pinang
|b Universiti Sains Malaysia
|c 2021
|
| 336 |
|
|
|a text
|2 rdacontent
|
| 337 |
|
|
|a unmediated
|2 rdamedia
|
| 338 |
|
|
|a volume
|2 rdacarrier
|
| 490 |
|
|
|a Tesis
|
| 490 |
|
|
|a Thesis
|
| 830 |
|
|
|a Tesis
|
| 830 |
|
|
|a Thesis
|
| 999 |
|
|
|a vtls000104302
|c 91784
|d 91784
|